Introducción a la combinatoria y sus aplicaciones /
Guardado en:
| Autor Principal: | |
|---|---|
| Formato: | Libro |
| Idioma: | Spanish French |
| Publicado: |
México ; Buenos Aires :
Compañía Editorial Continental,
1971.
|
| Etiquetas: |
Agregar Etiqueta
Sin Etiquetas, Sea el primero en etiquetar este registro!
|
| LEADER | 00890nam a22001935a 4500 | ||
|---|---|---|---|
| 001 | MAT.inmabb002342 | ||
| 008 | 040326s1971####mx#a#####b####001#0#spa#d | ||
| 005 | 20130304152932.0 | ||
| 245 | 1 | 0 | |a Introducción a la combinatoria y sus aplicaciones / |c por A. Kaufmann ; prefacio de C. Berge ; [traducido por R. Companys]. |
| 260 | |a México ; |a Buenos Aires : |b Compañía Editorial Continental, |c 1971. | ||
| 300 | |a xx, 617 p. : |b il. ; |c 25 cm. | ||
| 500 | |a Traducción de: a Introduction à la combinatorique en vue des applications. Paris : Dunod, 1968. | ||
| 504 | |a Bibliografía: p. [603]-608. | ||
| 500 | |a Contiene una "nota final" (p. [609]-611), donde el autor hace una autocrítica de la obra. | ||
| 510 | 4 | |a MR, |c 51 #10109 |3 (para la ed. orig. en francés) | |
| 100 | 1 | |a Kaufmann, A. |q (Arnold), |d 1911- | |
| 084 | |a 05-02 (94A20) |2 MR | ||
| 041 | 1 | |a spa |h fre | |
| 859 | |h 05 |i K21 |p A-4021 |b BIB. MATEMATICA | ||
